| 000 | 00747nam a2200229 i 4500 | ||
|---|---|---|---|
| 001 | 106379 | ||
| 003 | ES-MaACL | ||
| 005 | 20230906184129.0 | ||
| 007 | t| | ||
| 008 | 061106s1967 fr ||||1| fre d | ||
| 080 | _a327.5(569.4) | ||
| 245 | 0 | 3 |
_aLe conflit israélo arabe _b: dossier. |
| 260 |
_aParis : _bLes Temps Modernes, _c1967. |
||
| 300 |
_a991 p. ; _c21 cm. |
||
| 490 | 1 |
_aLes temps modernes ; _v253 bis |
|
| 500 | _aNúmero monográfico de la revista: Les Temps modernes (Paris), 1967, nº 253 bis. | ||
| 500 | _aBiblioteca Jacinto Martínez Lacalle. | ||
| 650 | 1 | 4 |
_aConflicto árabe-israelí. _911266 |
| 830 | 0 |
_aLes temps modernes ; _v253 bis _9232838 |
|
| 852 |
_aES-MaACL _jE-11371 _bR.138995 |
||
| 999 |
_c106379 _d106379 |
||